Top 20 Countries with the Most Russian Speakers - Statistics

General Stats
  • This quiz has been taken 93 times
  • The average score is 17 of 20
Answer Stats
% # Answer % Correct
85.7 118,5m Russia
100%
21.2 3.8m Kazakhstan
99%
29.6 14.2m Ukraine
98%
70.2 6.6m Belarus
94%
2.1 720,000 Uzbekistan
92%
29.6 383.000 Estonia
91%
1.2 45.000 Georgia
91%
8.9 482.000 Kyrgyzstan
91%
0.3 900.000 USA
91%
33.8 698,000 Latvia
90%
1.4 122.000 Azerbaijan
89%
6.8 190.000 Lithuania
89%
0.5 40.000 Tajikistan
89%
5.4 305.000 Turkmenistan
89%
1.6 87.000 Finland
86%
0.3 112.000 Canada
85%
2.8 2.2m Germany
85%
9.7 264.000 Moldova
80%
0.2 54.000 Australia
66%
15 1.1m Israel
53%
No matching quizzes found
Score Distribution
Percent of People with Each Score
Percentile by Number Answered
Your Score History
You have not taken this quiz